| 000 | 00775nas a2200265 4500 | ||
|---|---|---|---|
| 001 | BR9701217 | ||
| 003 | BR-BrBNA | ||
| 005 | 20231205100013.0 | ||
| 007 | ta | ||
| 008 | 230509b bl.|||p| |||| 00| 00por d | ||
| 040 |
_aBR-BrBNA _bpor _cBiblioteca Nacional de Agricultura |
||
| 041 | _a(En) | ||
| 072 | _aH10 | ||
| 100 | 1 | _aCelis, V.R. de | |
| 100 | 1 | _aGassen, D. | |
| 100 | 1 | _aValente, V.L. | |
| 100 | 1 | _aOliveira, A.K. de | |
| 245 | 1 | _aLongevity, fecundity and embryogenesis in brazilian aphids | |
| 650 | _aAfidio | ||
| 650 | _aBiologia | ||
| 650 | _aControle Biologico | ||
| 773 | 0 |
_tPesquisa Agropecuaria Brasileira (Brazil) _xISSN 0100-204X _g(Feb 1997), v. 32(2) p. 137-145 _wBR9701217 |
|
| 909 |
_a202311 _bLúcia _c55 _dLúcia Elande |
||
| 942 |
_2AGRIS _n0 _cANA |
||
| 999 |
_c153878 _d153878 |
||